000 00379nam a2200157Ia 4500
008 230711s9999||||xx |||||||||||||| ||und||
041 _aENG
082 _a720
_bMO-L
100 _aJohn L. Motloch
245 0 _aIntroduction to landscape design
250 _a1st Ed.
260 _c2001
_aNew york
_bJohn Wiley & Sons.Inc
300 _a307
650 _aArchitecture
942 _cBK
999 _c1569
_d1569